[Event "Washington State-ch"]
[Site "Redmond"]
[Date "2009.02.15"]
[Round "7"]
[White "May, Andy P"]
[Black "Chen, Howard"]
[Result "0-1"]
[WhiteElo "2121"]
[BlackElo "2101"]
[PlyCount "120"]
[EventDate "2009.02.07"]
[EventType "tourn"]
[EventRounds "9"]
[EventCountry "USA"]
[EventCategory "1"]
[SourceTitle "EXT 2017"]
[Source "ChessBase"]
[SourceDate "2016.10.25"]
[SourceVersion "1"]
[SourceVersionDate "2016.10.25"]
[SourceQuality "1"]

1. e4 e5 2. Nf3 Nc6 3. d4 exd4 4. Bc4 Bc5 5. c3 Nf6 6. e5 d5 7. Bb5 Ne4 8. cxd4 Bb4+ 9. Bd2 Nxd2 10. Nbxd2 Bd7 11. 0-0 0-0 12. Bd3 Be6 13. a3 Be7 14. Rc1 f6 15. Qc2 f5 16. Bb5 Na5 17. Qxc7 Rc8 18. Qxd8 Rfxd8 19. Rfd1 a6 20. Bd3 b5 21. b4 Nc4 22. Bxc4 bxc4 23. Ra1 Rb8 24. Nb1 a5 25. bxa5 Rb3 26. a4 c3 27. Rc1 Rc8 28. Ne1 Bg5 29. Rc2 f4 30. Nf3 Be7 31. a6 Bf5 32. Nxc3 Rbxc3 33. Rxc3 Rxc3 34. a7 Rc8 35. a5 Ra8 36. a6 Rxa7 37. Ra5 Be6 38. Ne1 Kf7 39. Kf1 Bd8 40. Ra3 Bc8 41. g3 Rxa6 42. Rb3 Ra1 43. Ke2 Ba6+ 44. Nd3 Bc4 45. Rb7+ Be7 46. Kd2 Ra2+ 47. Nb2 fxg3 48. hxg3 Ba6 49. e6+ Kf6 50. Rb6 Ba3 51. e7+ Kxe7 52. Kc2 Rxb2+ 53. Rxb2 Bxb2 54. Kxb2 Kf6 55. Kc3 Kf5 56. f3 h5 57. Kd2 g5 58. Ke3 Bc4 59. Kf2 h4 60. g4+ Kf4 0-1

[Event "Washington State-ch Premier"]
[Site "Seattle"]
[Date "2008.02.16"]
[Round "5"]
[White "May, Andy P"]
[Black "Levine, David M"]
[Result "0-1"]
[WhiteElo "2102"]
[BlackElo "2199"]
[PlyCount "138"]
[EventDate "2008.02.09"]
[EventType "tourn"]
[EventRounds "9"]
[EventCountry "USA"]
[SourceTitle "EXT 2017"]
[Source "ChessBase"]
[SourceDate "2016.10.25"]
[SourceVersion "1"]
[SourceVersionDate "2016.10.25"]
[SourceQuality "1"]

1. e4 e5 2. Nf3 Nc6 3. d4 exd4 4. Bc4 Nf6 5. e5 Ng4 6. Qe2 Qe7 7. Bf4 f6 8. exf6 gxf6 9. Bxc7 d6 10. Bb5 Nge5 11. Ba5 Nxf3+ 12. gxf3 Bf5 13. Na3 a6 14. Bxc6+ bxc6 15. Qxe7+ Bxe7 16. 0-0-0 c5 17. Rhe1 Kf7 18. Nc4 Be6 19. b3 Rhg8 20. Re2 Bxc4 21. bxc4 Rg2 22. Bd2 Rxh2 23. Bf4 Rh3 24. Rd3 Rb8 25. c3 Rb6 26. cxd4 cxd4 27. Rxd4 Rxf3 28. Be3 f5 29. Rd1 Rc6 30. Rc2 h5 31. Kd2 Rh3 32. Ke2 Rh4 33. Kd3 Bf6 34. Rb1 Re4 35. Rb7+ Re7 36. Rb1 h4 37. Rh1 Rec7 38. Bd4 Be7 39. Rg1 Bf6 40. Rh1 Be7 41. Rg1 Bf8 42. Rg5 Ke8 43. Rxf5 Rh7 44. f3 Be7 45. Bg1 Kd7 46. Rf4 Rc8 47. Bh2 Rf8 48. Rb2 Rxf4 49. Bxf4 Kc6 50. Ke4 Kc5 51. Rc2 a5 52. Be3+ Kc6 53. f4 Rh5 54. Bd4 a4 55. Rh2 Bd8 56. f5 h3 57. Bf2 Bf6 58. Bg3 Kc5 59. Rd2 Be7 60. Rd5+ Kxc4 61. f6 Rh7 62. Rd4+ Kc3 63. fxe7 Rxe7+ 64. Kd5 Rh7 65. Bh2 Rh5+ 66. Ke4 Rh4+ 67. Bf4 Rxf4+ 68. Kxf4 Kxd4 69. Kg3 Ke3 0-1

[Event "Washington State-ch Premier"]
[Site "Seattle"]
[Date "2008.02.09"]
[Round "1"]
[White "May, Andy P"]
[Black "Collyer, Curt D"]
[Result "1/2-1/2"]
[WhiteElo "2102"]
[BlackElo "2255"]
[PlyCount "42"]
[EventDate "2008.02.09"]
[EventType "tourn"]
[EventRounds "9"]
[EventCountry "USA"]
[SourceTitle "EXT 2017"]
[Source "ChessBase"]
[SourceDate "2016.10.25"]
[SourceVersion "1"]
[SourceVersionDate "2016.10.25"]
[SourceQuality "1"]

1. e4 e6 2. Nc3 d5 3. Nf3 Nf6 4. e5 Nfd7 5. d4 c5 6. dxc5 Nc6 7. Bf4 Bxc5 8. Bd3 f6 9. exf6 Qxf6 10. Bg5 Qf7 11. Bh4 h6 12. Qe2 0-0 13. 0-0-0 Nde5 14. Nxe5 Qf4+ 15. Kb1 Qxe5 16. Qxe5 Nxe5 17. f3 Bd7 18. Bg3 Nxd3 19. cxd3 Bd4 20. Rhe1 Bxc3 21. bxc3 Rac8 1/2-1/2

[Event "Washington State-ch Premier"]
[Site "Seattle"]
[Date "2007.02.19"]
[Round "9"]
[White "Sinanan, Joshua C"]
[Black "May, Andy P"]
[Result "1/2-1/2"]
[WhiteElo "2125"]
[BlackElo "2054"]
[PlyCount "39"]
[EventDate "2007.02.10"]
[EventType "tourn"]
[EventRounds "9"]
[EventCountry "USA"]
[SourceTitle "EXT 2017"]
[Source "ChessBase"]
[SourceDate "2016.10.25"]
[SourceVersion "1"]
[SourceVersionDate "2016.10.25"]
[SourceQuality "1"]

1. d4 Nf6 2. Nf3 e6 3. c4 b6 4. g3 Bb7 5. Bg2 Bb4+ 6. Bd2 a5 7. a3 Bxd2+ 8. Qxd2 d6 9. Nc3 Ne4 10. Nxe4 Bxe4 11. Qf4 f5 12. 0-0 0-0 13. Ng5 Bxg2 14. Kxg2 Qf6 15. d5 e5 16. Qd2 Nd7 17. Ne6 Rfc8 18. b4 Nf8 19. Nxf8 Qxf8 20. Rac1 1/2-1/2

[Event "Washington State-ch Premier"]
[Site "Seattle"]
[Date "2007.02.11"]
[Round "3"]
[White "May, Andy P"]
[Black "Gale, Geoffrey W"]
[Result "1-0"]
[WhiteElo "2054"]
[BlackElo "2184"]
[PlyCount "65"]
[EventDate "2007.02.10"]
[EventType "tourn"]
[EventRounds "9"]
[EventCountry "USA"]
[SourceTitle "EXT 2017"]
[Source "ChessBase"]
[SourceDate "2016.10.25"]
[SourceVersion "1"]
[SourceVersionDate "2016.10.25"]
[SourceQuality "1"]

1. e4 c5 2. Nc3 Nc6 3. g3 g6 4. Bg2 Bg7 5. d3 d6 6. f4 e6 7. Nf3 Nge7 8. 0-0 0-0 9. Be3 Nd4 10. e5 Nef5 11. Bf2 Nxf3+ 12. Qxf3 Nd4 13. Qd1 dxe5 14. fxe5 Bxe5 15. Na4 Bd7 16. c3 Nc6 17. Nxc5 Qc7 18. Ne4 f5 19. Bc5 fxe4 20. Bxf8 Rxf8 21. Rxf8+ Kxf8 22. d4 Bg7 23. Bxe4 Nd8 24. Qb3 Bc6 25. Qc4 Bf6 26. Rf1 Kg7 27. Rf2 Qe7 28. Bc2 Bg5 29. Qd3 b5 30. h4 Bc1 31. Bb3 Ba8 32. Qxb5 Be3 33. Qe5+ 1-0

[Event "Washington Class-ch A"]
[Site "Seattle"]
[Date "2006.11.26"]
[Round "6"]
[White "Polich, Duane"]
[Black "May, Andy P"]
[Result "0-1"]
[WhiteElo "1939"]
[BlackElo "1952"]
[PlyCount "58"]
[EventDate "2006.11.24"]
[EventType "swiss"]
[EventRounds "6"]
[EventCountry "USA"]
[SourceTitle "EXT 2017"]
[Source "ChessBase"]
[SourceDate "2016.10.25"]
[SourceVersion "1"]
[SourceVersionDate "2016.10.25"]
[SourceQuality "1"]

1. b3 Nf6 2. Bb2 d5 3. e3 Bf5 4. f4 e6 5. Nf3 Be7 6. Be2 0-0 7. 0-0 c5 8. Ne5 Nfd7 9. g4 Bg6 10. Nxg6 hxg6 11. g5 e5 12. h4 d4 13. Bc4 Nb6 14. Bd3 Nd5 15. Qf3 Nc6 16. h5 Bxg5 17. hxg6 fxg6 18. Bc4 Nce7 19. Qg2 Bh6 20. e4 b5 21. Bxd5+ Nxd5 22. exd5 Bxf4 23. c4 Qh4 24. d6 Bh2+ 25. Qxh2 Rxf1+ 26. Kxf1 Qxh2 27. Na3 Rf8+ 28. Ke1 d3 29. Bd4 Qe2# 0-1